000 00487nam a2200169Ia 4500
999 _c22389
_d22389
003 OSt
005 20201230095256.0
008 190216s9999||||xx |||||||||||||| ||und||
040 _coclc
082 _a894.8128
_bUSM/A
100 _aUsman, K
_97516
245 0 _aApakadam Neridumpol /
_cK Usman
260 _bPoomkavanam Books Publishers,
_c1991.
_aKozhikode:
300 _a88p
650 _aIslamic Culture
942 _cBK
_2ddc
_h894.8128
_iUSM/A
_k894.8128
_mUSM/A